000 00694nam a2200229 i 4500
001 bg
100 1 _aLEWANDOWSKI, Jerzy
245 1 0 _aProjektowanie systemów informacyjnych zarządzania w przedsiębiorstwie /
_cJerzy Lewandowski ; Politechnika Łódzka.
260 _aŁódź :
_bWydaw. PŁ,
_c1999.
300 _a271 s. :
_bil. ;
_c24 cm.
504 _aBibliogr.
650 9 _aInformacja dla zarządzania
_xprojekty
650 9 _aSystemy informacyjne
_xprojekty
710 0 _aPolitechnika Łódzka
020 _a8387198757
040 _cBPK
041 0 _apl
080 _a658.1/.5.012.4:004
920 _a83-87198-75-7
942 _cKS
008 s pl f |000 0 pol
999 _c38039
_d38039
856 _uhttp://koha.tu.koszalin.pl/cgi-bin/koha/opac-detail.pl?biblionumber=38039
_yKatalog online BPK